| 000 | 00626nam a2200205 a 4500 | ||
|---|---|---|---|
| 003 | OSt | ||
| 005 | 20240226150113.0 | ||
| 008 | 180221t2007 pk | |||| 000 j urd d | ||
| 020 | _a9693511697 | ||
| 040 | _c0 | ||
| 082 |
_a891.4393 _bQUR 2009 |
||
| 100 | 1 |
_aقرۃالعين حيدر _9121321 |
|
| 245 | 1 | 0 | _aپت جھڑکی آواز |
| 246 | _aPat Ghar Ki Awaz | ||
| 260 |
_aLahore: _bSang e Meel Pub; _c2007. |
||
| 300 | _a192 p. | ||
| 650 |
_aUrdu literature _vShort Stories _91444 |
||
| 942 |
_2ddc _cBK _aSADA _k891.4393 QUR 2007 |
||
| 999 |
_c608229 _d608229 |
||